| 000 | 00508nam a2200181Ia 4500 | ||
|---|---|---|---|
| 008 | 230917s9999||||xx |||||||||||||| ||und|| | ||
| 020 | _cUSD70 | ||
| 040 |
_e251418 _aMAIN |
||
| 041 | _aEnglish | ||
| 082 | _a579 P16L(11) | ||
| 100 | _aPommerville, Jeffrey C | ||
| 245 | 0 | _aLaboratory fundamentals of microbiology | |
| 250 | _a11th ed. | ||
| 260 |
_aBurlington _bJones and Bartlett Learning _c2018 |
||
| 300 | _axvii, 552 p. | ||
| 500 | _a3321 05/11/2018 HBD18/7546 22/11/2018 Main Budget | ||
| 942 | _cBK | ||
| 999 |
_c28950 _d28950 |
||